000 02222cam a22002174a 4500
005 20250605164148.0
008 250528s ||||||||||||||||||||||||d
035 _a19266
020 _a9607093755
040 _aGR-AtMCL
_bgre
_dGR-AtMCL
_eAACR2
245 1 _aΠοιοτικά Χαρακτηριστικά και Τάσεις Ζήτησης Εσωτερικού Τουρισμού
260 _bΕθνικό Κέντρο Κοινωνικών Ερευνών,
_c2001
300 _a224
520 _aΣτόχος αυτής της μονογραφίας είναι η διερεύνηση των ποιοτικών χαρακτηριστικών του εσωτερικού τουρισμού στην Ελλάδα. Ο Σχεδιασμός της Εμπειρικής Κοινωνικής Διερεύνησης: Η Μεθοδολογική Προσέγγιση, Εσωτερικός Τουρισμός: Κύριοι Άξονες και Πεδία Έρευνας, Φορείς Πρωτοβάθμιας και Δευτεροβάθμιας Αυτοδιοίκησης και Αναπτυξιακές Εταιρίες, Φορείς Ξενοδοχειακού Κλάδου, Ξενοδοχεία: Η Σημασία της Εποχικής Λειτουργίας και του Επιπέδου Τουριστικής Ανάπτυξης της Περιοχής για τον Εσωτερικό Τουρισμό, Από τα Πρακτορεία στο Internet: Εκτιμήσεις και Απόψεις και Εξελίξεις στην Οργάνωση των Ταξιδιών του Εσωτερικού Τουρισμού, Φορείς και Οργανώσεις και Σωματεία που ασχολούνται με την Οργάνωση και Διαχείριση Ειδικών και Εναλλακτικών Μορφών Τουρισμού, Διερεύνηση Ποιοτικού Τύπου, Συμπεράσματα - Προτάσεις Πολιτικής, Summary in English, Βιβλιογραφία.
700 1 _aΜανωλόγλου Ευδοκία
_95490
700 1 _aΜάρκου Άννα
_95491
700 1 _aΤσαρτάς Πάρις
942 _cBK
999 _c4531
_d4531